[Event "Wch U10 rapid"]
[Site "Minsk"]
[Date "2018.06.23"]
[Round "6"]
[White "Poliakov, Danylo"]
[Black "Vetokhin, Savva"]
[Result "0-1"]
[WhiteElo "1766"]
[BlackElo "1519"]
[PlyCount "180"]
[EventDate "2018.06.22"]
[EventType "swiss (rapid)"]
[EventRounds "9"]
[EventCountry "BLR"]
[SourceTitle "EXT 2019"]
[Source "ChessBase"]
[SourceDate "2018.10.10"]
[SourceVersion "1"]
[SourceVersionDate "2018.10.10"]
[SourceQuality "1"]

1. d4 Nf6 2. Nf3 g6 3. Bf4 Bg7 4. e3 0-0 5. h3 d6 6. c3 c5 7. Nbd2 Nbd7 8. Bh2 Re8 9. Bc4 e5 10. dxe5 dxe5 11. Qb3 Qe7 12. 0-0 h6 13. Rad1 e4 14. Ne1 Nb6 15. Nc2 Bd7 16. Bb5 Be6 17. Qa3 Red8 18. b3 a6 19. Be2 Nbd5 20. Nb1 b5 21. c4 Nb6 22. Rxd8+ Qxd8 23. Qxc5 Rc8 24. Qa3 bxc4 25. bxc4 Bxc4 26. Rd1 Qe8 27. Nd4 Bxe2 28. Nxe2 Qa4 29. Qxa4 Nxa4 30. Rd2 Nh7 31. Ng3 f5 32. Rd1 Nb2 33. Rf1 Rc2 34. Na3 Rd2 35. Nb1 Rd3 36. Ne2 Nc4 37. Nc1 Rd7 38. Nb3 Bf8 39. Nc3 Bb4 40. Ne2 Rd3 41. Nec1 Rc3 42. Be5 Rc2 43. Bg3 Nd2 44. Nxd2 Bxd2 45. Nb3 Rxa2 46. Nxd2 Rxd2 47. Ra1 Rd7 48. Rxa6 Kf7 49. Kf1 Nf6 50. Ke2 Nd5 51. Be5 Re7 52. Bd4 Rd7 53. Ra8 Nf6 54. Ra6 Ne8 55. Ra8 Rb7 56. Ra7 Rxa7 57. Bxa7 Ke6 58. Bd4 Kd5 59. Kd2 Nc7 60. Bg7 h5 61. Bb2 Kc4 62. Kc2 Nd5 63. Bd4 g5 64. Kd2 g4 65. hxg4 fxg4 66. Ke2 h4 67. Be5 h3 68. gxh3 gxh3 69. Kf1 Kd3 70. Kg1 Ke2 71. Bg3 Kf3 72. Kh2 Kg4 73. Be5 Nb4 74. Bg3 Nd3 75. Kg1 Kf3 76. Kf1 Nc1 77. Bh2 Nb3 78. Be5 Nd2+ 79. Ke1 Nc4 80. Bh2 Kg2 81. Bc7 h2 82. Bxh2 Kxh2 83. Ke2 Kg2 84. Ke1 Kf3 85. Kf1 Ne5 86. Ke1 Nd3+ 87. Kd2 Kxf2 88. Kd1 Kxe3 89. Kc2 Kf2 90. Kd2 e3+ 0-1